| 000 | 00471nam a22001937a 4500 | ||
|---|---|---|---|
| 001 | 2829 | ||
| 003 | BD-DhBUF | ||
| 005 | 20251124163852.0 | ||
| 008 | 251124b bg ||||| |||| 00| 0 ben d | ||
| 020 | _a9789841636926 | ||
| 040 |
_aBD-DhBUF _cBD-DhBUF |
||
| 100 |
_aAusten, Jane _94158 |
||
| 245 |
_aPride and prejudice / _cJane Austen, |
||
| 260 |
_aDhaka : _bPremium, _c2025 |
||
| 300 |
_a362p. : _c22cm. ; |
||
| 526 | _aEnglish | ||
| 650 | _aEnglish | ||
| 942 |
_2ddc _cBK |
||
| 999 |
_c2829 _d2829 |
||